| 000 | 00557nam a2200193 a 4500 | ||
|---|---|---|---|
| 001 | BRCA_2978 | ||
| 005 | 20190320204043.0 | ||
| 008 | 181208s1848----nyua---###---#000-0#eng-# | ||
| 050 | 4 |
_aE405.1 _b.H46 1848 |
|
| 100 | 1 |
_aHenry, William Seaton _d1816-1851 _98255 |
|
| 245 | 1 | 0 |
_aCampaing sketches of the war with Mexico _cby W. S. Henry |
| 260 |
_aNew York _bHarper & Brothers _c1848 |
||
| 300 |
_a331 p. _bil. _c20 cm. |
||
| 500 | _aB00085 | ||
| 651 | 4 |
_aMéxico _xHistoria _9614 |
|
| 651 | 4 |
_aEstados Unidos _xHistoria _98256 |
|
| 902 | _aGFM | ||
| 942 |
_2lcc _cB |
||
| 999 |
_c2717 _d2717 |
||